Good Morning, Captain - Slint - Lyric Quiz - Statistics

General Stats
  • This quiz has been taken 4 times
  • The average score is 22 of 32
Answer Stats
Answer % Correct
But I swear, with this song, I'll make it up to {you}
100%
I'll make it up to {you}
100%
I {miss} {you}
100%
I'm sorry, and I {miss} {you}
100%
I'm the only one left, the {storm} took them all
100%
"Let me in," the voice cried {softly}
100%
Oh, I {miss} {you}
100%
{Scattered} remnants of the ship could be seen in the distance
100%
The boy's face went {pale}
100%
The {tears} ran down his face
100%
When he woke, there was no trace of the {ship}
100%
From outside the {wooden} door
75%
He managed as he tried to {stand}
75%
He stared at the captain through {frightened} eyes
75%
I'm trying to find my way {home}
75%
That rose, from the {sea} to the door
75%
The captain reached for {something} to hold on to
75%
Blood stained the ice upon the {shore}
50%
From behind the {edge} of the windowsill
50%
He felt the creaking of the {stairs} beneath him
50%
"Help me," he {whispered} as he rose slowly to his feet
50%
His face was {flushed} and timid
50%
I want the {police} to be notified
50%
Only the {dawn} was left behind by the storm
50%
The captain {started}, his breath was still
50%
There appeared the {delicate} hand of a child
50%
There was a sound at the {window} then
50%
He recognized the {sound}
25%
{Please}, it's cold
25%
{Silently}, he pulled down the shade against the shadow
25%
Slowly, he {turned}
25%
Lost in the {doorstep} of the empty house
0%
No matching quizzes found
Score Distribution
Percent of People with Each Score
Percentile by Number Answered
Your Score History
You have not taken this quiz